00584 2200217 4500001002100000005001500021035002000036007000300056008004100059020001500100082000800115084001400123100001200137245004000149250002000189260003400209300004600243650001800289504001500307856004400322INLIS00000000113721520220118011741 a0010-0122002319ta220118 0 ind  a9799281857 a640 a640 TIM b0 aTim CBM1 aBagaimana merawat tubuh? /cTim CBM aCetakan pertama aBandung :bCitra praya,c2007 a52 halaman :blllustrasi ;c23 cmeKertas 4aKesejahteraan ahalaman 52 aKoleksi Perpustakaan Umum Kota Makassar